000
00317nam a2200145Ia 4500
008
230718s9999 xx 000 0 und d
041
_a
Eng.
082
_a
657.95
_b
OWE-G
100
_a
owen
245
0
_a
Green Reporting
260
_a
Pakistan
_b
chanjan Hall
_c
1982
300
_a
298
650
_a
Law
999
_c
26267
_d
26267